Материаловедение и технология композиционных материалов: учебник для вузов

Dettagli Bibliografici
Altri autori: Кобелев А. Г. Анатолий Германович, Лысак В. И. Владимир Ильич, Чернышев В. Н. Вячеслав Николаевич, Кузнецов Е. В. Евгений Владимирович
Riassunto:Описана современная технология производства слоистых композиционных материалов. Дана их классификация по материалу составляющих компонентов, геометрии и расположению структурных составляющих, способам получения, области рационального применения. Представлены основы теории создания слоистых композитов в твердой и жидкой фазе. Показаны особенности и конкретные примеры технологических процессов получения композиционных материалов литым плакированием и наплавкой, совместной горячей и холодной пластической деформацией, сваркой взрывом, а также комбинацией этих способов. Рассмотрены новые технологические решения, организация промышленного производства и контроль качества слоистых композиционных материалов. Учебник предназначен для студентов вузов, обучающихся по специальностям 110600 «Обработка металлов давлением» и 110800 «Композиционные и порошковые материалы, покрытия».
Lingua:russo
Pubblicazione: Москва, Интермет Инжиниринг, 2006
Soggetti:
Natura: MixedMaterials Libro
KOHA link:https://koha.lib.tpu.ru/cgi-bin/koha/opac-detail.pl?biblionumber=125534

MARC

LEADER 00000nam0a2200000 4500
001 125534
005 20231101215934.0
010 |a 5895941168 
035 |a (RuTPU)RU\TPU\book\135839 
090 |a 125534 
100 |a 20071116d2006 m y0rusy50 ca 
101 0 |a rus 
102 |a RU 
105 |a a j 001zy 
200 1 |a Материаловедение и технология композиционных материалов  |e учебник для вузов  |f А. Г. Кобелев [и др.] 
210 |a Москва  |c Интермет Инжиниринг  |d 2006 
215 |a 365 с.  |c ил. 
320 |a Библиография: с. 364-365. 
330 |a Описана современная технология производства слоистых композиционных материалов. Дана их классификация по материалу составляющих компонентов, геометрии и расположению структурных составляющих, способам получения, области рационального применения. Представлены основы теории создания слоистых композитов в твердой и жидкой фазе. Показаны особенности и конкретные примеры технологических процессов получения композиционных материалов литым плакированием и наплавкой, совместной горячей и холодной пластической деформацией, сваркой взрывом, а также комбинацией этих способов. Рассмотрены новые технологические решения, организация промышленного производства и контроль качества слоистых композиционных материалов. Учебник предназначен для студентов вузов, обучающихся по специальностям 110600 «Обработка металлов давлением» и 110800 «Композиционные и порошковые материалы, покрытия». 
606 1 |a Композитные материалы  |2 stltpush  |3 (RuTPU)RU\TPU\subj\51901  |9 70403 
606 1 |a Композиционные материалы, порошковые  |x Производство  |2 stltpush  |3 (RuTPU)RU\TPU\subj\15043  |9 41341 
610 1 |a материаловедение 
610 1 |a классификации 
610 1 |a получение 
610 1 |a литье 
610 1 |a наплавка 
610 1 |a горячая пластическая деформация 
610 1 |a слоистые композиционные материалы 
610 1 |a холодное плакирование 
610 1 |a сварка взрывом 
610 1 |a термическая обработка 
610 1 |a качество 
610 1 |a контроль 
610 1 |a цеха 
610 1 |a учебники 
675 |a 620.22-419.8(075.8)  |v 3 
675 |a 621.762.8(075.8)  |v 3 
701 1 |a Кобелев  |b А. Г.  |g Анатолий Германович 
701 1 |a Лысак  |b В. И.  |g Владимир Ильич 
701 1 |a Чернышев  |b В. Н.  |g Вячеслав Николаевич 
701 1 |a Кузнецов  |b Е. В.  |g Евгений Владимирович 
801 1 |a RU  |b 63413507  |c 20071116  |g PSBO 
801 2 |a RU  |b 63413507  |c 20150603  |g PSBO 
900 |a Материаловедение 
900 |a Материаловедение и технология композиционных материалов 
900 |a Технологические основы производства порошковых и композиционных материалов и изделий 
942 |c BK 
951 |b 150106  |b 150108